Online
Catalog

La cabaña del tio Tom / (Record no. 24674)

MARC details
000 -CABECERA
campo de control de longitud fija 01691nam a2200265 a 4500
001 - NÚMERO DE CONTROL
campo de control 000025181
005 - FECHA Y HORA DE LA ÚLTIMA TRANSACCIÓN
campo de control 20200930023618.0
008 - DATOS DE LONGITUD FIJA--INFORMACIÓN GENERAL
campo de control de longitud fija 110211s2005 dr a 000 f spa d
040 ## - FUENTE DE LA CATALOGACIÓN
Centro catalogador/agencia de origen DO-SdBNP
Lengua de catalogación spa
Centro/agencia transcriptor BNPHU
082 ## - NÚMERO DE LA CLASIFICACIÓN DECIMAL DEWEY
Número de clasificación 813.3
Número de documento/Ítem M813c, 2005
049 ## - FONDOS LOCALES (OCLC)
Fondos de biblioteca BNPD
100 1# - ENTRADA PRINCIPAL--NOMBRE DE PERSONA
Nombre de persona Montse V.
9 (RLIN) 261
240 10 - TÍTULO UNIFORME
Título uniforme Uncle Tom's Cabin.
Lenguaje de la obra Español
245 13 - MENCIÓN DE TÍTULO
Título La cabaña del tio Tom /
Mención de responsabilidad, etc. Harriet Beecher Stower ; versión Montse V.; illustraciones A. Centeno.
260 ## - PUBLICACIÓN, DISTRIBUCIÓN, ETC.
Lugar de publicación, distribución, etc. Santo Domingo :
Nombre del editor, distribuidor, etc. Topogan-Panapo,
Fecha de publicación, distribución, etc. 2005.
300 ## - DESCRIPCIÓN FÍSICA
Extensión 143 p. :
Otras características físicas il. ;
Dimensiones 24 cm.
490 1# - MENCIÓN DE SERIE
Mención de serie Clásicos universales
505 0# - NOTA DE CONTENIDO CON FORMATO
Nota de contenido con formato La madre --
Título Una velada en la cabaña del tío Tom --
-- Descubierta --
-- Angustias maternales --
-- El senador --
-- La propiedad pasa a otras manos --
-- !También los negros tienen alma! --
-- Un comercio legal --
-- La casa de los cuáqueros --
-- Evangelina --
-- El nuevo amo de Tom y su casa --
-- El ama a Tom y sus opiniones --
-- !Ah, la anhelada libertad! --
-- Miss Ofelia en casa de sus primos --
-- Miss Ofelia en casa de sus primos (continuación)
-- Topsy --
-- El prado se amustia, la flor se aja --
-- Enrique --
-- La pequeña Evangelista --
-- El fin de todas las cosas terrenas --
-- Los abandonados --
-- El almacén de esclavos --
-- El viaje horrible --
-- Cassy --
-- Evocación --
-- Libertad --
-- La estratagema --
-- El mártir --
-- La auténtica historia de un fantasma --
-- Resultados --
-- El libertador --
-- Conclusión.
650 #4 - PUNTO DE ACCESO ADICIONAL DE MATERIA--TÉRMINO DE MATERIA
Término de materia o nombre geográfico como elemento de entrada Novela estadounidense
9 (RLIN) 262
650 #4 - PUNTO DE ACCESO ADICIONAL DE MATERIA--TÉRMINO DE MATERIA
Término de materia o nombre geográfico como elemento de entrada Literatura estadounidense
9 (RLIN) 263
700 12 - PUNTO DE ACCESO ADICIONAL--NOMBRE DE PERSONA
Nombre de persona Stowe, Harriet Beecher
Fechas asociadas al nombre 1811-1896
Título de la obra La cabaña del tio Sam
9 (RLIN) 51663
700 12 - PUNTO DE ACCESO ADICIONAL--NOMBRE DE PERSONA
Nombre de persona A. Centeno.
Término indicativo de función/relación il.
9 (RLIN) 265
830 #0 - PUNTO DE ACCESO ADICIONAL DE SERIE-TÍTULO UNIFORME
Título uniforme Clásicos universales
9 (RLIN) 266
910 ## - DATOS DE OPCIÓN DEL USUARIO (OCLC)
Datos de opción del usuario Validado. Control de calidad MFF
Holdings
Estado de retiro Estado de pérdida No para préstamo Código de colección Localización permanente Ubicación/localización actual Ubicación en estantería Fecha de adquisición Número de inventario Total de préstamos Signatura topográfica completa Código de barras Fecha visto por última vez Precio válido a partir de Tipo de ítem Koha
    Excluido de préstamo Patrimonio Dominicano Patrimonio Dominicano Patrimonio Dominicano Depósito 11.02.2011 LF1   813.3 M813c, 2005 25181-10 25.06.2020 25.06.2020 Libro y Folleto Colección Patrimonio Dominicano

Powered by Koha